000
00294nam a22001337a 4500
008
170204b xxu||||| |||| 00| 0 eng d
020
_a
9780801678356
041
_a
eng
080
_a
61
100
_a
3
101
_a
SHM
245
_a
PROGRAMMED MEDICAL LANGUAGE
_c
BROOKS, M.L
942
_2
udc
_c
BK
999
_c
4679
_d
4679